Analysis of mechanical properties of dissimilar material welds and on-line defect detection by metal inert gas welding (Record no. 45656)

000 -LEADER
fixed length control field 00550nam a22001697a 4500
001 - CONTROL NUMBER
control field 45656
003 - CONTROL NUMBER IDENTIFIER
control field BD-DhUET
008 - FIXED-LENGTH DATA ELEMENTS--GENERAL INFORMATION
fixed length control field 260422b xxu||||| |||| 00| 0 eng d
040 ## - CATALOGING SOURCE
Transcribing agency 0
Modifying agency BD-DhUET
100 ## - MAIN ENTRY--PERSONAL NAME
Personal name Sahara Sharmin
245 ## - TITLE STATEMENT
Title Analysis of mechanical properties of dissimilar material welds and on-line defect detection by metal inert gas welding
260 ## - PUBLICATION, DISTRIBUTION, ETC. (IMPRINT)
Place of publication, distribution, etc. Dhaka
Name of publisher, distributor, etc. Department of Industrial & Production Engineering, BUET
Date of publication, distribution, etc. 2025
300 ## - PHYSICAL DESCRIPTION
Extent ix,79p.
501 ## - WITH NOTE
With note One CD-ROM
504 ## - BIBLIOGRAPHY, ETC. NOTE
Bibliography, etc Includes bibliographies
942 ## - ADDED ENTRY ELEMENTS (KOHA)
Koha item type Thesis
Holdings
Not for loan Source of classification or shelving scheme Date acquired Price effective from Sublocation or collection (holding branch) Piece designation (barcode) Withdrawn status Lost status Location (home branch) Copy number Koha date last seen Damaged status Shelving location Koha item type
  2026-04-212026-04-22Central Library, BUET121024  Central Library, BUET12026-04-22 Acquisition sectionThesis